Größte Handelspartner - Frankreich - Statistiken

Allgemein
  • Dieses Quiz wurde 81 mal gespielt
  • Das Durchschnittsergebnis liegt bei 15 aus 18
Antwortstatistiken
Exporte Importe Land % Korrekt
27,0 Mrd 77,0 Mrd China
100%
47,5 Mrd 55,9 Mrd Vereinigte Staaten
100%
86,7 Mrd 97,6 Mrd Deutschland
99%
48,2 Mrd 54,3 Mrd Spanien
97%
39,2 Mrd 28,2 Mrd Vereinigtes Königreich
97%
56,7 Mrd 56,6 Mrd Italien
96%
51,6 Mrd 65,3 Mrd Belgien
92%
7,19 Mrd 10,6 Mrd Japan
92%
24,6 Mrd 33,8 Mrd Niederlande
91%
22,2 Mrd 18,5 Mrd Schweiz
89%
7,49 Mrd Portugal
88%
15,6 Mrd 17,6 Mrd Polen
85%
7,63 Mrd 9,73 Mrd Indien
81%
12,8 Mrd 12,2 Mrd Türkiye
78%
7,87 Mrd 11,3 Mrd Irland
74%
10,3 Mrd Tschechien
68%
10,6 Mrd Südkorea
61%
10,6 Mrd Singapur
23%
Keine übereinstimmenden Quizze gefunden
Verteilung der Resultate
Anzahl Personen mit jedem Resultat
Perzentil nach korrekt beantworteten Fragen
Ihre Resultats-Entwicklung
Sie haben dieses Quiz noch nicht gespielt